[Event "Blankenese op 1st"]
[Site "Hamburg"]
[Date "2017.10.03"]
[Round "7.7"]
[White "Keuchen, Michael"]
[Black "Nedic, Dusan"]
[Result "0-1"]
[WhiteElo "2046"]
[BlackElo "2318"]
[PlyCount "116"]
[EventDate "2017.09.30"]
[EventType "swiss"]
[EventRounds "7"]
[EventCountry "GER"]
[SourceTitle "EXT 2020"]
[Source "ChessBase"]
[SourceDate "2019.10.17"]
[SourceVersion "1"]
[SourceVersionDate "2019.10.17"]
[SourceQuality "1"]

1. d4 Nf6 2. Bg5 Ne4 3. Bf4 d5 4. Nd2 Bf5 5. Ngf3 c5 6. dxc5 Nxc5 7. Nd4 Bg6 8. e3 Nbd7 9. N2f3 Qb6 10. Nb3 Rc8 11. c3 a5 12. Qxd5 e6 13. Qd2 a4 14. Nxc5 Nxc5 15. Nd4 f6 16. Bb5+ Kf7 17. Bc4 Be7 18. Qe2 Rhd8 19. e4 Kf8 20. e5 f5 21. 0-0 Bf7 22. Be3 Kg8 23. Rad1 Qc7 24. f4 Qb8 25. Nb5 b6 26. Kh1 g6 27. Qc2 Qa8 28. Nd6 Bxd6 29. exd6 Ne4 30. Qe2 Rxd6 31. Rxd6 Nxd6 32. Ba6 Rb8 33. Rd1 Qc6 34. Bd4 Ne4 35. Be5 Ra8 36. Bb5 Qc5 37. Bd4 Qd6 38. Be3 Qc7 39. Rd7 Qc8 40. Bd4 a3 41. b4 e5 42. fxe5 Nxc3 43. Qd3 Nxb5 44. e6 Nxd4 45. exf7+ Kf8 46. Qxd4 Qc1+ 47. Qg1 Qxg1+ 48. Kxg1 Rc8 49. Ra7 Rc1+ 50. Kf2 Rc2+ 51. Kf3 Rxa2 52. h4 h6 53. Kf4 Kg7 54. h5 gxh5 55. g3 Ra1 56. Kxf5 a2 57. f8Q+ Kxf8 58. Kg6 h4 0-1

[Event "Blankenese op 1st"]
[Site "Hamburg"]
[Date "2017.10.03"]
[Round "5.21"]
[White "Keuchen, Michael"]
[Black "Vinck, Arne"]
[Result "1-0"]
[WhiteElo "2046"]
[BlackElo "1808"]
[PlyCount "63"]
[EventDate "2017.09.30"]
[EventType "swiss"]
[EventRounds "7"]
[EventCountry "GER"]
[SourceTitle "EXT 2020"]
[Source "ChessBase"]
[SourceDate "2019.10.17"]
[SourceVersion "1"]
[SourceVersionDate "2019.10.17"]
[SourceQuality "1"]

1. d4 e6 2. e4 d5 3. Nd2 Be7 4. Ngf3 Nf6 5. Bd3 c5 6. dxc5 Nc6 7. Qe2 0-0 8. 0-0 Nb4 9. Nb3 a5 10. a4 Qc7 11. Bg5 dxe4 12. Bxe4 Bd7 13. Nfd4 Rfe8 14. c3 Na6 15. Bxf6 Bxf6 16. Nb5 Bxb5 17. Qxb5 Be5 18. g3 f5 19. Bxb7 f4 20. Bxa8 Rxa8 21. Qb6 Qe7 22. Rfe1 fxg3 23. hxg3 Qf6 24. Nd4 Nc7 25. Re2 g5 26. Rae1 Rf8 27. Qc6 h5 28. Rxe5 Qxf2+ 29. Kh1 Qxg3 30. Qg2 Qh4+ 31. Qh2 Qg4 32. Rg1 1-0

[Event "Hamburg St Pauli op-A"]
[Site "Hamburg"]
[Date "2010.07.10"]
[Round "1"]
[White "Keuchen, Michael"]
[Black "Neitzel, Mirko"]
[Result "1-0"]
[WhiteElo "2113"]
[BlackElo "1874"]
[PlyCount "43"]
[EventDate "2010.07.10"]
[EventType "swiss"]
[EventRounds "9"]
[EventCountry "GER"]
[SourceTitle "EXT 2013"]
[Source "ChessBase"]
[SourceDate "2012.11.22"]
[SourceVersion "1"]
[SourceVersionDate "2012.11.22"]
[SourceQuality "1"]

1. d4 g6 2. e4 Bg7 3. Bc4 c5 4. Qf3 e6 5. dxc5 Qa5+ 6. c3 Qxc5 7. Na3 Nc6 8. Qe2 Na5 9. Nf3 b5 10. Bxb5 Bxc3+ 11. bxc3 Qxc3+ 12. Qd2 Qxa1 13. 0-0 Qg7 14. Qxa5 Ne7 15. Nc4 0-0 16. Ba3 f6 17. Qc7 Kh8 18. Nd4 a6 19. Ba4 e5 20. Nb6 exd4 21. Nxa8 a5 22. Nb6 1-0

[Event "Hamburg-ch MB"]
[Site "Hamburg"]
[Date "2010.05.30"]
[Round "9.2"]
[White "Gupta, Arijit"]
[Black "Keuchen, Michael"]
[Result "1/2-1/2"]
[WhiteElo "1939"]
[BlackElo "1946"]
[PlyCount "133"]
[EventDate "2010.05.22"]
[EventType "swiss"]
[EventRounds "9"]
[EventCountry "GER"]
[SourceTitle "EXT 2011"]
[Source "ChessBase"]
[SourceDate "2010.11.26"]
[SourceVersion "1"]
[SourceVersionDate "2010.11.26"]
[SourceQuality "1"]

1. e4 e6 2. d4 d5 3. Nc3 Nf6 4. Bg5 Be7 5. e5 Nfd7 6. h4 Bxg5 7. hxg5 Qxg5 8. Nh3 Qe7 9. Nf4 Nc6 10. Bd3 g6 11. Bxg6 fxg6 12. Nxg6 hxg6 13. Rxh8+ Nf8 14. Qg4 Qg7 15. Rh3 Bd7 16. 0-0-0 Nd8 17. Rdh1 Qe7 18. Rh8 Nf7 19. Qxg6 0-0-0 20. Qg7 b6 21. R1h3 Qg5+ 22. Qxg5 Nxg5 23. Rg3 Nf7 24. Rhg8 Nh6 25. Rh8 Nf7 26. Rh4 c5 27. Rg7 cxd4 28. Nxd5 Nxe5 29. Ne7+ Kc7 30. Rxd4 Nc6 31. Rc4 b5 32. Nxc6 bxc4 33. Nxd8 Kxd8 34. Kd2 Bc6 35. Kc3 Bd5 36. Rxa7 Bxg2 37. Kxc4 Nd7 38. a4 Bf1+ 39. Kd4 Ke7 40. f4 Kd6 41. c4 e5+ 42. fxe5+ Nxe5 43. c5+ Ke6 44. Rc7 Be2 45. b4 Bd1 46. a5 Be2 47. Rb7 Nc6+ 48. Ke4 Bf1 49. Rb6 Kd7 50. Kd5 Bg2+ 51. Kc4 Kc7 52. a6 Kc8 53. b5 Bf1+ 54. Kd5 Na7 55. c6 Bxb5 56. c7 Kd7 57. Kc5 Bc6 58. Rb2 Kxc7 59. Rh2 Bd7 60. Rh7 Nc8 61. Rh8 Ba4 62. Rh6 Bd7 63. Rh7 Na7 64. Rh2 Bc8 65. Rh6 Bd7 66. Rb6 Bc6 67. Rb2 1/2-1/2

[Event "Hamburg-ch MB"]
[Site "Hamburg"]
[Date "2010.05.22"]
[Round "1.9"]
[White "Goetz, Claus"]
[Black "Keuchen, Michael"]
[Result "0-1"]
[WhiteElo "1828"]
[BlackElo "2113"]
[PlyCount "50"]
[EventDate "2010.05.22"]
[EventType "swiss"]
[EventRounds "9"]
[EventCountry "GER"]
[SourceTitle "EXT 2011"]
[Source "ChessBase"]
[SourceDate "2010.11.26"]
[SourceVersion "1"]
[SourceVersionDate "2010.11.26"]
[SourceQuality "1"]

1. e4 e6 2. d3 d5 3. Nd2 Nf6 4. Ngf3 b6 5. c3 c5 6. e5 Nfd7 7. d4 Ba6 8. Bxa6 Nxa6 9. Qe2 Nc7 10. 0-0 b5 11. dxc5 Bxc5 12. Nd4 Bxd4 13. cxd4 0-0 14. Nb3 a5 15. Bd2 b4 16. Rfc1 Qb8 17. Nc5 Nxc5 18. Rxc5 Qb7 19. Rac1 Rfc8 20. Bg5 h6 21. Be3 Na6 22. Rxa5 Rxc1+ 23. Bxc1 Qc7 24. Rc5 Nxc5 25. dxc5 Qxc5 0-1

[Event "Hamburg HSK Elo op 5th"]
[Site "Hamburg"]
[Date "2007.04.29"]
[Round "4.6"]
[White "Knops, Peter"]
[Black "Keuchen, Michael"]
[Result "1/2-1/2"]
[WhiteElo "2035"]
[BlackElo "2144"]
[PlyCount "72"]
[EventDate "2007.04.28"]
[EventType "swiss"]
[EventRounds "7"]
[EventCountry "GER"]
[SourceTitle "EXT 2009"]
[Source "ChessBase"]
[SourceDate "2008.11.26"]
[SourceVersion "1"]
[SourceVersionDate "2008.11.26"]
[SourceQuality "1"]

1. e4 e6 2. d3 c5 3. Nf3 Nc6 4. g3 g6 5. Bg2 Bg7 6. 0-0 d6 7. c3 Nf6 8. Nbd2 0-0 9. a3 Ne8 10. Ne1 Nc7 11. f4 f5 12. Rb1 Kh8 13. Nef3 Rb8 14. Qc2 a5 15. b4 axb4 16. axb4 Nb5 17. Bb2 cxb4 18. cxb4 Nbd4 19. Nxd4 Nxd4 20. Bxd4 Bxd4+ 21. Kh1 Bd7 22. Nf3 Rc8 23. Qe2 Bg7 24. d4 Qb6 25. Rfd1 fxe4 26. Qxe4 Rc4 27. Ng5 d5 28. Qe2 Rxd4 29. Rxd4 Bxd4 30. Bxd5 exd5 31. Qe7 Bg7 32. Qxd7 d4 33. Ne6 Rg8 34. Nxg7 Rxg7 35. Qe8+ Rg8 36. Qe5+ Rg7 1/2-1/2

[Event "Kiel op-A 19th"]
[Site "Kiel"]
[Date "2006.07.23"]
[Round "4"]
[White "Keuchen, Michael"]
[Black "Hahne, Hans Juergen"]
[Result "0-1"]
[WhiteElo "1993"]
[BlackElo "2177"]
[PlyCount "72"]
[EventDate "2006.07.22"]
[EventType "swiss"]
[EventRounds "9"]
[EventCountry "GER"]
[SourceTitle "CBM 113 Extra"]
[Source "ChessBase"]
[SourceDate "2006.09.14"]
[SourceVersion "1"]
[SourceVersionDate "2006.09.14"]
[SourceQuality "1"]

1. d4 f5 2. g3 Nf6 3. Bg2 g6 4. c3 Bg7 5. Qb3 Nc6 6. Nd2 d5 7. Ndf3 Ne4 8. Bf4 0-0 9. 0-0-0 Nxf2 10. Rd2 Na5 11. Qa4 Nc4 12. Rd3 Nxh1 13. Bxh1 Rf6 14. Ng5 Ra6 15. Bxc7 e6 16. Bxd8 Rxa4 17. a3 h6 18. N5f3 Ra6 19. Be7 Kf7 20. Bb4 Rb6 21. Nd2 Nxb2 22. Kxb2 a5 23. Nb3 axb4 24. cxb4 Rc6 25. Rd1 b6 26. e3 Ba6 27. a4 Bc4 28. Ra1 Bf8 29. Nf3 Bd6 30. Nc1 Rc7 31. a5 bxa5 32. Bg2 Bxb4 33. Ne5+ Kf6 34. Nxc4 Rxc4 35. Bf1 Bc3+ 36. Ka2 Ra4+ 0-1

[Event "Kiel op-A 19th"]
[Site "Kiel"]
[Date "2006.07.22"]
[Round "1"]
[White "Keuchen, Michael"]
[Black "Andersen, Frank"]
[Result "1-0"]
[WhiteElo "1993"]
[BlackElo "2215"]
[PlyCount "59"]
[EventDate "2006.07.22"]
[EventType "swiss"]
[EventRounds "9"]
[EventCountry "GER"]
[SourceTitle "CBM 113 Extra"]
[Source "ChessBase"]
[SourceDate "2006.09.14"]
[SourceVersion "1"]
[SourceVersionDate "2006.09.14"]
[SourceQuality "1"]

1. d4 d5 2. Bg5 Nf6 3. Bxf6 exf6 4. e3 Bd6 5. c4 dxc4 6. Bxc4 0-0 7. Nc3 Nd7 8. Nge2 Nb6 9. Bd3 c6 10. Qc2 g6 11. h4 Nd5 12. Nxd5 cxd5 13. Nc3 Bb4 14. h5 f5 15. a3 Bxc3+ 16. bxc3 Qg5 17. g3 Be6 18. Rb1 Rab8 19. Kd2 a6 20. a4 Rfc8 21. hxg6 hxg6 22. Rb6 Qe7 23. g4 Qg5 24. gxf5 Qg2 25. fxe6 Qxh1 26. exf7+ Kf8 27. Bxg6 Qg1 28. Qf5 Qa1 29. Qxd5 Rxc3 30. Qd6+ 1-0